01263nam a22002538a 450000500170000000800410001701000140005802000270007203500130009903700150011204000180012708200160014510000180016124501140017926000420029327000810033530000290041650400500044550503820049565000370087765000480091465000250096270000220098720090417122832.0090414s2009 ii b 001 0 eng  aENG-93471 a9788178299402 c695.00 aEN-77004 bDBAD / PUB adplbEnglish  a331.7940954 aSen, Sunanda. aUnfreedom and waged work :blabour in India's manufacturing industry /cby Sunanda Sen [and] Byasdeb Dasgupta aNew Delhi ;bSAGE Publications c2009 aB1/I-1 Mohan Cooperative Industrial Area, Muthura Road, bNew Delhi e110044 axviii, 223p.c22cm (Hb)  aIncludes bibliographical references and index aAlternate approaches to labour economics: theory and practice -- The Indian manufacturing sector and labour: an aggregative picture -- Labour under stress: an assessment based on primary information -- Profiles of industry and labour on the basis of field surveys -- Labour security in Indian organized manufacturing industries -- Labour market policies in India -- Conclusion. aManufacturing industrieszIndia. aManufacturing industrieszIndiaxEmployees. aLabor marketzIndia. aDasgupta, Byasdeb